| 000 | 00527cam a2200217ua 4500 | ||
|---|---|---|---|
| 041 |
_aeng _h |
||
| 082 |
_a691 _bRAN/EN |
||
| 100 | _aRangwala, S C. | ||
| 245 |
_aEngineering Materials / _cS C Rangwala. _hTextual Documents |
||
| 250 |
_a11 / _b. |
||
| 260 |
_aAnand : _bCharotar publishing house , _c1986. |
||
| 300 | _a497 ; . | ||
| 504 | _a | ||
| 650 | _aEngineering Materials | ||
| 942 | _cBK | ||
| 999 |
_c137 _d137 |
||